Analyse numérique /

Guardado en:
Autor Principal: Raviart, Pierre-Arnaud, 1939-
Formato: Libro
Idioma:French
Publicado: [Paris] : Ecole polytechnique, 1978.
Etiquetas: Agregar Etiqueta
Sin Etiquetas, Sea el primero en etiquetar este registro!
LEADER 00484nam a22001455a 4500
001 MAT.inmabb004981
008 080822s1978####fr#a#####b####000#0#fre#d
005 20110913173447.0
245 1 0 |a Analyse numérique /  |c par M. Raviart. 
260 |a [Paris] :  |b Ecole polytechnique,  |c 1978. 
300 |a 1 v. (varias paginaciones) :  |b il. ;  |c 29 cm. 
504 |a Incluye referencias bibliográficas. 
100 1 |a Raviart, Pierre-Arnaud,  |d 1939- 
084 |a 65  |2 msc2000 
859 |h 65  |i R256  |p A-5320  |b BIB. MATEMATICA